Catálogo
Digital

Catálogo
Digital

La dirección, inclusión e inversión en las empresas (Record no. 14488)

MARC details
000 -CABECERA
campo de control de longitud fija 02291nam a2200349 4500
003 - IDENTIFICADOR DEL NÚMERO DE CONTROL
campo de control EC-UNACH
005 - FECHA Y HORA DE LA ÚLTIMA TRANSACCIÓN
campo de control 20260410161919.0
006 - CÓDIGOS DE INFORMACIÓN DE LONGITUD FIJA--CARACTERÍSTICAS DEL MATERIAL ADICIONAL
campo de control de longitud fija s||||gr|||| 00| 00
008 - DATOS DE LONGITUD FIJA--INFORMACIÓN GENERAL
campo de control de longitud fija 150116t9999 mx r gr 000 0 spa d
020 ## - NÚMERO INTERNACIONAL ESTÁNDAR DEL LIBRO
Número Internacional Estándar del Libro 978-9942-584-17-5
040 ## - FUENTE DE LA CATALOGACIÓN
Centro catalogador/agencia de origen EC-UNACH
Centro/agencia transcriptor EC-UNACH
041 ## - CÓDIGO DE LENGUA
Código de lengua del texto/banda sonora o título independiente spa
082 04 - NÚMERO DE LA CLASIFICACIÓN DECIMAL DEWEY
Número de edición 23
Número de clasificación 658
Número de documento/Ítem L018625
100 ## - ENTRADA PRINCIPAL--NOMBRE DE PERSONA
Nombre de persona Puente Riofrío, Mariana Isabel / Uquillas Granizo, Gilma Gabriela / Zapata García, Juliana / Tigse Olovacha, Freddy / Dávalos Mayorga, Eduardo Ramiro / Villavicencio Rodríguez, Ana Paula
245 ## - MENCIÓN DE TÍTULO
Título La dirección, inclusión e inversión en las empresas
250 ## - MENCIÓN DE EDICIÓN
Mención de edición Primera edición
264 ## - Producción, publicación, distribución, fabricación y copyright
Lugar de producción, publicación, distribución, fabricación Riobamba - Ecuador
Nombre del de productor, editor, distribuidor, fabricante Universidad Nacional de Chimborazo
Fecha de de producción, publicación, distribución, fabricación o copyright 2025
264 ## - Producción, publicación, distribución, fabricación y copyright
Lugar de producción, publicación, distribución, fabricación Producción - UNACH
300 ## - DESCRIPCIÓN FÍSICA
Extensión 94 páginas
Otras características físicas figuras, tablas;
501 ## - NOTA DE "CON"
Nota de “Con” El libro presenta al lector un conjunto de elementos administrativos relacionados con la dirección, inclusión e inversión en las empresas, con el objetivo de fomentar del avance teórico y práctico.<br/><br/>La metodología utilizada fue producto de una revisión bibliográfica y de la aplicación de instrumentos de recogida de información.<br/><br/>Los resultados muestran que existe un avance significativo en la aplicación de estrategias para la dirección de las empresas; resulta relevante el papel de los trabajadores en la economía de un país, aunque desarrollen actividades relacionadas con la informalidad; son importantes también las inversiones y, para ello, los proyectos con enfoque social que respondan a las necesidades de las comunidades o localidades.
505 ## - NOTA DE CONTENIDO CON FORMATO
Nota de contenido con formato Capítulo 1. Dirección estratégica: importancia, desafíos y oportunidades en la era actual -- Capítulo 2. Comercio justo y la inclusión económica de los trabajadores informales -- Capítulo 3. Proyectos de inversión: Un enfoque social caso Ecuador<br/>
650 ## - PUNTO DE ACCESO ADICIONAL DE MATERIA--TÉRMINO DE MATERIA
Término de materia o nombre geográfico como elemento inicial ESTRATEGIA
650 ## - PUNTO DE ACCESO ADICIONAL DE MATERIA--TÉRMINO DE MATERIA
Término de materia o nombre geográfico como elemento inicial COMERCIO
650 ## - PUNTO DE ACCESO ADICIONAL DE MATERIA--TÉRMINO DE MATERIA
Término de materia o nombre geográfico como elemento inicial INVERSIÓN SOCIAL
650 ## - PUNTO DE ACCESO ADICIONAL DE MATERIA--TÉRMINO DE MATERIA
Término de materia o nombre geográfico como elemento inicial ECONOMÍA
650 ## - PUNTO DE ACCESO ADICIONAL DE MATERIA--TÉRMINO DE MATERIA
Término de materia o nombre geográfico como elemento inicial INFORMALIDAD
856 ## - LOCALIZACIÓN Y ACCESO ELECTRÓNICOS
Identificador Uniforme del Recurso <a href="https://editorial.unach.edu.ec/index.php/Editorial/catalog/book/283">https://editorial.unach.edu.ec/index.php/Editorial/catalog/book/283</a>
Texto de enlace Libro Digital - La dirección, inclusión e inversión en las empresas
942 ## - ELEMENTOS DE PUNTO DE ACCESO ADICIONAL (KOHA)
Fuente del sistema de clasificación o colocación Clasificación Decimal Dewey
Tipo de ítem Koha Libro electrónico
999 ## - NÚMEROS DE CONTROL DE SISTEMA (KOHA)
Koha biblionumber 14488
Holdings
Estado de pérdida Fuente del sistema de clasificación o colocación Estado dañado No para préstamo Localización permanente Ubicación/localización actual Ubicación en estantería Fecha de adquisición Fuente de adquisición Total de préstamos Signatura topográfica completa Código de barras Fecha visto por última vez Número de copia Precio válido a partir de Tipo de ítem Koha Centro de costos
  Clasificación Decimal Dewey     Biblioteca Campus Norte Biblioteca Campus Norte Administración de Empresas 10/04/2026 Producción Científica UNACH   658 PUE L018625 L018625 10/04/2026 Ejemplar: 01 10/04/2026 Libro electrónico  

Powered by Koha